000 00415nam a2200157Ia 4500
005 20250509025504.0
008 240331s9999 xx 000 0 und d
020 _a9555844518
082 _bABE
_a891
100 _aAbeypala, Roland
245 0 _aNawa yauwanaya :
_b manoo vidyathmaka vigrahayak
260 _aKottawa
_bSara Publications
_c2006
300 _a144 p .,
500 _aPsychological Analysis
942 _cL
999 _c5857
_d5857